Regression periods in human infancy (Record no. 13126)

MARC details
000 -LEADER
fixed length control field 02373nam a2200337Ia 4500
001 - CONTROL NUMBER
control field 9781410609144
003 - CONTROL NUMBER IDENTIFIER
control field BD-DhSAU
005 - DATE AND TIME OF LATEST TRANSACTION
control field 20151012151724.0
006 - FIXED-LENGTH DATA ELEMENTS--ADDITIONAL MATERIAL CHARACTERISTICS
fixed length control field m|||||o||d||||||||
007 - PHYSICAL DESCRIPTION FIXED FIELD--GENERAL INFORMATION
fixed length control field cr||||
008 - FIXED-LENGTH DATA ELEMENTS--GENERAL INFORMATION
fixed length control field 140311r20122003nyuad ob 001 0 eng d
020 ## - INTERNATIONAL STANDARD BOOK NUMBER
International Standard Book Number 9781410609144 (e-book : PDF)
040 ## - CATALOGING SOURCE
Original cataloging agency BD-DhSAU
Transcribing agency BD-DhSAU
090 ## - LOCALLY ASSIGNED LC-TYPE CALL NUMBER (OCLC); LOCAL CALL NUMBER (OCLC)
Classification number (OCLC) (R) ; Classification number, CALL (RLIN) (NR) BF720.R43
Local cutter number (OCLC) ; Book number/undivided call number, CALL (RLIN) R44 2012
092 ## - LOCALLY ASSIGNED DEWEY CALL NUMBER (OCLC)
Classification number 155.4228
Item number R343
245 00 - TITLE STATEMENT
Title Regression periods in human infancy
Medium [electronic resource] /
Statement of responsibility, etc. edited by Mikael Heimann.
260 ## - PUBLICATION, DISTRIBUTION, ETC. (IMPRINT)
Place of publication, distribution, etc. New York :
Name of publisher, distributor, etc. Routledge,
Date of publication, distribution, etc. 2012.
300 ## - PHYSICAL DESCRIPTION
Extent xiv, 220 p. :
Other physical details ill.
500 ## - GENERAL NOTE
General note First published by Lawrence Erlbaum Associates, Inc., Publishers in 2003.
504 ## - BIBLIOGRAPHY, ETC. NOTE
Bibliography, etc Includes bibliographical references and index.
505 0# - FORMATTED CONTENTS NOTE
Formatted contents note 1. Regression periods in human infancy : an introduction / Mikael Heimann -- 2. Reflections on regression periods in the development of Catalan infants / Marta Sadurni and Carlos Rostan -- 3. Detecting infant regression periods : weak signals in a noisy environement / Ashley Woolmore and John Richer -- 4. Occurrence of regressive periods in the normal development of Swedish infants / Lisbeth B. Lindahl, Mikael Heimann, and Eva Ullstadius -- 5. The effects of sources of "noise" on direct observation measures of regression periods : case studies of four infants' adaptations to special parental conditions / Frans X. Plooij and Hedwig H.C. van de Rijt-Plooij -- 6. Illness peaks during infancy and regression periods / Franx X. Plooij ... [et al.] -- 7. Multimodal distribution of SIDS and regression periods / Frans X. Plooij, Hedwig H.C. van de Rijt-Plooij, and Roelof Helmers -- 8. Regulation of brain development and age-related changes in infants' motives : the developmental function of regressive periods / Colwyn Trevarthen and Kenneth Aitken -- 9. The trilogy of mind / Frans X. Plooij.
530 ## - ADDITIONAL PHYSICAL FORM AVAILABLE NOTE
Additional physical form available note Also available in print edition.
538 ## - SYSTEM DETAILS NOTE
System details note Mode of access: World Wide Web.
650 #0 - SUBJECT ADDED ENTRY--TOPICAL TERM
Topical term or geographic name as entry element Regression (Psychology) in infants
Form subdivision Cross-cultural studies.
650 #0 - SUBJECT ADDED ENTRY--TOPICAL TERM
Topical term or geographic name as entry element Mother and infant
Form subdivision Cross-cultural studies.
650 #0 - SUBJECT ADDED ENTRY--TOPICAL TERM
Topical term or geographic name as entry element Attachment behavior in infants
Form subdivision Cross-cultural studies.
655 #7 - INDEX TERM--GENRE/FORM
Genre/form data or focus term Electronic books.
Source of term lcsh
700 1# - ADDED ENTRY--PERSONAL NAME
Personal name Heimann, Mikael.
776 1# - ADDITIONAL PHYSICAL FORM ENTRY
International Standard Book Number 9780805840988
-- 9780415651424
-- 0805840982 (cloth : alk. paper)
856 40 - ELECTRONIC LOCATION AND ACCESS
Uniform Resource Identifier <a href="http://www.tandfebooks.com/isbn/9781410609144">http://www.tandfebooks.com/isbn/9781410609144</a>

No items available.